| 000 | 00000nas##2200000za#4500 |
| 001 | 9.505449 |
| 003 | CaOODSP |
| 005 | 20200331220414 |
| 007 | cr ||||||||||| |
| 008 | 150406c2006||||xxc|| p o||||f| |0eng|d |
| 040 | |aCaOODSP|beng |
| 043 | |an-cn--- |
| 086 | 1 |aNH2-11E-PDF |
| 110 | 1 |aCanada. |bCanada Mortgage and Housing Corporation. |bMarket Analysis Centre. |
| 245 | 10|aSeniors' housing market survey - British Columbia |h[electronic resource] |
| 260 | |aOttawa - Ontario : |bCanada Mortgage and Housing Corporation. |
| 310 | |aAnnual |
| 362 | 1 |a2006 -- |
| 775 | 08|tEnquête sur le logement des aînés - Colombie-Britannique |w(CaOODSP)9.501847 |
| 776 | 0#|tSeniors' housing market survey - British Columbia |w(CaOODSP)9.515380 |